Genshin Impact 4* Catalysts by Picture - Statistics

General Stats
  • This quiz has been taken 19 times
  • The average score is 11 of 19
Answer Stats
Picture Answer % Correct
Favonius Codex
94%
Eye of Perception
83%
Prototype Amber
83%
Sacrificial Fragments
83%
The Widsith
83%
Dodoco Tales
78%
Mappa Mare
78%
Solar Pearl
61%
Flowing Purity
50%
Sacrificial Jade
50%
Blackcliff Agate
44%
Hakushin Ring
44%
Wine and Song
44%
Ballad of the Boundless Blue
39%
Wandering Evenstar
39%
Frostbearer
33%
Royal Grimoire
33%
Fruit of Fulfillment
28%
Oathsworn Eye
28%
No matching quizzes found
Score Distribution
Percent of People with Each Score
Percentile by Number Answered
Your Score History
You have not taken this quiz